000 00937nam a2200265Ia 4500
003 OSt
005 20220927115124.0
006 a|||||r|||| 00| 0
007 ta
008 220926b |||||||| |||| 00| 0 eng d
024 _a94288
037 _cThesis and Dissertations
040 _aRTL
_cRTL
_beng
041 _2eng
_aeng
082 _a"X9(D513).2.N8, M7"
100 _aVirmani Mukta
_9391333
110 _aUniversity of Delhi. Faculty of Commerce and Business Studies. Department of Commerce
245 0 _aAutomobile industry of India
_b A profile
260 _aDelhi
_bUniversity of Delhi India
_c1987
300 _a188p. Bibliography p.184-88
_ccm.
650 _aAutomobile Industry
700 _aUniversity of Delhi. Faculty of Commerce and Business Studies. Department of Commerce
942 _h"X9(D513).2.N8, M7"
_cCC
999 _c706354
_d706354